00241nam a2200097Ia 450000100070000000500170000700800410002424500440006526000260010930000080013558862220250717120835.0250717s9999 xx 000 0 und d 0aV-4 MASAL ORMANIcİSMAİL BİLGİN bERDEM YAYINLARIc2020 b208